000
00321nam a22001217a 4500
040
_c
HS
082
_a
664
100
_a
ជីប ប៊ុនថាវិន
245
_a
និតិកម្មព្រៃឈើ forestry law
260
_a
RUA
_b
ជីប ប៊ុនថាវិន
_c
2008
300
_a
NA
942
_c
KB
999
_c
9165
_d
9165